000
00343nam a2200133Ia 4500
008
130318s9999 xx 000 0 und d
020
_a
8170339197
082
_a
351 PAN/E
100
_a
Panneervel, P
245
_a
E-Governance: A change management tool
260
_b
Rawat Publications
_a
Jaipur
_c
2005
300
_a
248
650
_a
E-GOVERNANCE
999
_c
1202
_d
1202